000 01352 a2200229 4500
001 37781
005 20260407155644.0
008 260407a1968 arg spa d
003 AR-UNSa-BCEJYS
040 _aAR-UNSa-BCEJYS
_bspa
_cAR-UNSa-BCEJYS
080 _a338.2
_xPolítica económica. Control de la economía. Gestión de la economía. Planificación económica
245 1 0 _aPolítica económica
_pprincipios y formulación
250 _a2a. ed.
264 1 _aMéxico :
_bFondo de Cultura Económica
_c1968
300 _a343 p.
_c21 cm.
505 _a1. La contribución del análisis económico a la formulación de la política económica - 2. Modelos económicos - 3. La política cuantitativa. Regulación de la posición dentro de una estructura dada. Economía cerrada - 4. Política cuantitativa. En una economía abierta y en grupos económicos - 5. Política cualitativa: cambios en la estructura con bases establecidas - 6. Reformas: cambios en las bases - 7. ¿Son las utopías una concepción errónea de la naturaleza humana? - 8. Algunas observaciones adicionales sobre la organización de la política económica
041 _aspa
942 _cBK
590 _aniveau_biblio:m niveau_hierar:0
100 1 _aTinbergen, Jan
856 4 1 _uhttps://biblioeco.unsa.edu.ar/pmb/images/libros/L125677.jpg
_yImagen de portada
_qimage/jpeg
999 _c2793
_d2793